Philosophiae Scholasticae Summa. (Record no. 170778)

MARC details
000 -LEADER
campo de control de longitud fija 01021nam a2200241 i 4500
001 - NÚMERO DE CONTROL
campo de control 170778
003 - IDENTIFICADOR DE NÚMERO DE CONTROL
campo de control ES-MaACL
005 - FECHA Y HORA DE LA ÚLTIMA TRANSACCIÓN
campo de control 20250808062742.0
008 - DATOS DE LONGITUD FIJA--INFORMACIÓN GENERAL
campo de control de longitud fija 090406s1953 sp |||| | lat d
245 00 - MENCIÓN DEL TÍTULO
Título Philosophiae Scholasticae Summa.
Número de parte o sección de la obra I /
Mención de responsabilidad, etc. auctoribus Leovigildo Salcedo, Iesu Iturrioz.
260 ## - PUBLICACIÓN, DISTRIBUCIÓN, ETC.
Lugar de publicación, distribución, etc. Matriti :
Nombre del editor, distribuidor, etc. La Editorial Católica,
Fecha de publicación, distribución, etc. 1953.
300 ## - DESCRIPCIÓN FÍSICA
Extensión XXII, 893 p. ;
Dimensiones 20 cm.
490 1# - MENCIÓN DE SERIE
Mención de serie Biblioteca de autores cristianos ;
Designación de volumen o secuencia 98
505 8# - NOTA DE CONTENIDO CON FORMATO
Nota de contenido con formato Contiene : Introductio in philosophiam ; Logica ; Critica / Leovigildo Salcedo. Metaphysica generalis / Iesu Iturrioz
546 ## - NOTA DE IDIOMA
Nota de lengua/lenguaje Texto en latín.
594 ## - Nota al título y mención de responsabilidad
Nota al título y mención de responsabilidad En la anteport. : Professores Societatis Iesu facultatum philosophicarum in Hispania.
594 ## - Nota al título y mención de responsabilidad
Nota al título y mención de responsabilidad En la anteport. : Ad mentem Constitutionis Apostolicae "Deus scientiarum Dominus"
700 1# - ENTRADA AGREGADA--NOMBRE PERSONAL
Nombre de persona Iturrioz, Jesús.
9 (RLIN) 65638
700 1# - ENTRADA AGREGADA--NOMBRE PERSONAL
Nombre de persona Salcedo, Leovigildo.
9 (RLIN) 139740
830 00 - PUNTO DE ACCESO ADICIONAL DE SERIE-TÍTULO UNIFORME
Título uniforme Biblioteca de autores cristianos
Designación de volumen o secuencia 98
9 (RLIN) 178679
852 ## - LOCALIZACIÓN
Ubicación ES-MaACL
Número de control de estantería J-96
itemnumber R.46092
Holdings
Estatus retirado Estado de pérdida Estado de daño No para préstamo Biblioteca de origen Biblioteca actual Ubicación en estantería Fecha de adquisición Fuente de adquisición Total de préstamos Signatura topográfica completa Código de barras Visto por última vez Precio de reemplazo Tipo de ítem Koha
        Biblioteca del Ateneo de Madrid Biblioteca del Ateneo de Madrid Depósito 2 06/04/2009     J-96 1179230 23/02/2023 23/02/2023 Libro impreso